BUBT Library Online Catalog

Samuel Taylor Coleridge, Biographia Literaria : (Record no. 3029)

000 -LEADER
fixed length control field 00621nam a2200217Ia 4500
003 - CONTROL NUMBER IDENTIFIER
control field BUBTL
008 - FIXED-LENGTH DATA ELEMENTS--GENERAL INFORMATION
fixed length control field 151213s9999 xx 000 0 und d
020 ## - INTERNATIONAL STANDARD BOOK NUMBER
International Standard Book Number 8175811161
082 ## - DEWEY DECIMAL CLASSIFICATION NUMBER
Classification number 824.79/ T45b/ 2000
100 ## - MAIN ENTRY--PERSONAL NAME
Personal name Tilak, Dr. Raghukul
9 (RLIN) 5132
245 ## - TITLE STATEMENT
Title Samuel Taylor Coleridge, Biographia Literaria :
Statement of responsibility, etc. Dr. Raghukul Tilak
250 ## - EDITION STATEMENT
Edition statement 18th Edn.
260 ## - PUBLICATION, DISTRIBUTION, ETC. (IMPRINT)
Place of publication, distribution, etc. New Delhi
Name of publisher, distributor, etc. Rama Brothers
Date of publication, distribution, etc. c2000
300 ## - PHYSICAL DESCRIPTION
Extent 206p. :
Other physical details 21 cm.
650 ## - SUBJECT ADDED ENTRY--TOPICAL TERM
Topical term or geographic name as entry element English Literature
650 ## - SUBJECT ADDED ENTRY--TOPICAL TERM
Topical term or geographic name as entry element
700 ## - ADDED ENTRY--PERSONAL NAME
Personal name Dr. Raghukul Tilak
9 (RLIN) 5133
856 ## - ELECTRONIC LOCATION AND ACCESS
Password 0
Logon 0
Link text Download
942 ## - ADDED ENTRY ELEMENTS (KOHA)
Source of classification or shelving scheme
Koha item type Books
Holdings
Withdrawn status Lost status Source of classification or shelving scheme Damaged status Not for loan Collection code Permanent location Current location Shelving location Date acquired Source of acquisition Inventory number Total Checkouts Full call number Barcode Date last seen Copy number Price effective from Koha item type
        Not For Loan Fiction Bangladesh University of Business and Technology Library Bangladesh University of Business and Technology Library English Literature Stacks 01/15/2008 Purchase 4800   824.79/ T45b/ 2000 BUBTL-20034800 01/03/2023 C-1 01/03/2023 Books
          Fiction Bangladesh University of Business and Technology Library Bangladesh University of Business and Technology Library English Literature Stacks 01/15/2008 Purchase 4801   824.79/ T45b/ 2000 BUBTL-20034801 01/03/2023 C-2 01/03/2023 Books

More Information About Library

Library Hours

  • Open: 9.00 am. to 9.00 pm.
  • Only Sunday: 9.00 am. to 6.00 pm.
  • Closed: Holiday

Contact to the University

Bangladesh University of Business and Technology Library

  • Mirpurl-2, 1216.
  • Phone:
  • Fax:
  • E-Mail: admin.library@bubt.edu.bd

Contact to the Library

Contact Person:

Md. Abdul Hakim Shah
Joint Librarian
PABX No:  113
Cell No: 01816332931
E-mail: official: admin.library@bubt.edu.bd
Personal: hakim.shah@bubt.edu.bd


BUBT Library

Copyright © 2021